Orodha gani na hadithi nyingine / (Record no. 9438)
[ view plain ]
| 000 -LEADER | |
|---|---|
| fixed length control field | 00357cam a22001337i 4500 |
| 005 - DATE AND TIME OF LATEST TRANSACTION | |
| control field | 20250901165813.0 |
| 008 - FIXED-LENGTH DATA ELEMENTS--GENERAL INFORMATION | |
| fixed length control field | 171002s2017 ke 000 1 swa |
| 010 ## - LIBRARY OF CONGRESS CONTROL NUMBER | |
| LC control number | 2016343730 |
| 020 ## - INTERNATIONAL STANDARD BOOK NUMBER | |
| International Standard Book Number | 9789966202710 |
| 050 00 - LIBRARY OF CONGRESS CALL NUMBER | |
| Classification number | PL 8704 .W36 2016 |
| 245 00 - TITLE STATEMENT | |
| Title | Orodha gani na hadithi nyingine / |
| Statement of responsibility, etc. | mhariri: Edison Wanga. |
| 300 ## - PHYSICAL DESCRIPTION | |
| Extent | 136 pages ; |
| Dimensions | 21 cm |
| 942 ## - ADDED ENTRY ELEMENTS (KOHA) | |
| Source of classification or shelving scheme | Library of Congress Classification |
| Withdrawn status | Lost status | Source of classification or shelving scheme | Damaged status | Not for loan | Collection | Home library | Current library | Shelving location | Date acquired | Source of acquisition | Total checkouts | Full call number | Barcode | Date last seen | Copy number | Price effective from | Koha item type |
|---|---|---|---|---|---|---|---|---|---|---|---|---|---|---|---|---|---|
| Library of Congress Classification | Main Library | Main Library | 03/21/2025 | Donation from KICD | PL 8704 .W36 2016 | PIUD0000456 | 03/28/2025 | 1 | 03/28/2025 | Books | |||||||
| Library of Congress Classification | Main Library | Main Library | 03/21/2025 | Donation from KICD | PL 8704 .W36 2016 | PIUD0000457 | 03/28/2025 | 2 | 03/28/2025 | Books |